| 000 | 01239nam a2200289 i 4500 | ||
|---|---|---|---|
| 001 | 8870 | ||
| 003 | ES-MaACL | ||
| 005 | 20250808063451.0 | ||
| 007 | t| | ||
| 008 | 921110r19881850sp |||| | spa d | ||
| 020 | _a84-86770-01-7 | ||
| 080 | _a9(468.12)(038) | ||
| 080 | _a91(468.12)(038) | ||
| 100 | 1 |
_aMadoz, Pascual, _d1806-1870 _975334 |
|
| 245 | 1 | 0 |
_aDiccionario geográfico-estadístico-histórico de Andalucía. Huelva / _cPascual Madoz ; [editor de la obra, Domingo Sánchez Zurro]. |
| 260 |
_aValladolid : _bAmbito, _cD.L. 1988. |
||
| 300 |
_aXI, 132 p. : _bil., plan. ; _c27 cm. |
||
| 500 | _aReprod. parcial del Diccionario geográfico-estadístico-histórico de España y sus posesiones de ultramar por Pascual Madoz. Madrid, 1845-1850. | ||
| 501 | _aCon: Atlas de España y sus posesiones de ultramar. Huelva / Francisco Coello, 1870. | ||
| 651 | 4 |
_aHuelva (Provincia)- _xHistoria- _vDiccionarios. _98825 |
|
| 651 | 4 |
_aHuelva (Provincia)- _xDescripción- _vDiccionarios. _98824 |
|
| 700 | 1 |
_aCoello, Francisco, _d1822-1898 _939459 |
|
| 700 | 1 |
_aSánchez Zurro, Domingo J. _9102999 |
|
| 740 | 0 | 2 | _aAtlas de España y sus posesiones de ultramar. Huelva. |
| 852 |
_aES-MaACL _jL-16356 |
||
| 999 |
_c8870 _d8870 |
||